Divorce & money : make the best financial ... Read More
Available copies
- 1 of 1 copy available at LARL/NWRL Consortium.
- 1 of 1 copy available at Lake Agassiz Regional Library. (Show preferred library)
Current holds
0 current holds with 1 total copy.
Show All Copies
| Location | Call Number / Copy Notes | Barcode | Shelving Location | Status | Due Date |
|---|---|---|---|---|---|
| Fosston Public Library | 346.7301 GUI (Text) | 33500013906854 | Main | Available | - |
Record details
- ISBN: 9781413331073
- ISBN: 1413331076
- Physical Description: 514 pages : forms ; 23 cm
- Edition: 14th edition.
- Publisher: [Berkeley, California] : Nolo, 2023.
- Copyright: ©2023
Content descriptions
| General Note: | "Includes worksheets to help you track your finances"--cover. Revised edition of : Divorce & money / Violet Woodhouse & Lina Guillen. 13th edition. 2020. |
| Bibliography, etc. Note: | Includes bibliographical references and index. |
| Formatted Contents Note: | Introduction: your financial companion during ... Read More |
| Summary, etc.: | All the information you need to split your assets, ... Read More |
Search for related items by subject
| Subject: | Marital property > Valuation > United States > Popular works. Divorce settlements > United States > Popular works. Divorce > Law and legislation > United States > Popular works. |
| Genre: | Law for laypersons. Self-help publications. |
| LDR | 04130cam a2200577 i 4500 | ||
|---|---|---|---|
| 001 | 422959 | ||
| 003 | LARL_NWRL_CONSORTIUM | ||
| 005 | 20231211172209.0 | ||
| 008 | 230810t20232023cauk b 001 0 eng d | ||
| 040 | . | ‡aYDX ‡beng ‡erda ‡cYDX ‡dIOU ‡dZGJ ‡dHBP ‡dMIR ‡dBKL ‡dMSL ‡dOCLCO | |
| 019 | . | ‡a1390608889 | |
| 020 | . | ‡a9781413331073 ‡q(paperback) | |
| 020 | . | ‡a1413331076 ‡q(paperback) | |
| 035 | . | ‡a(OCoLC)1393138235 ‡z(OCoLC)1390608889 | |
| 037 | . | ‡bIngram Pub Services, Attn: Benton Tatum 1 Ingram Blvd, LA Vergne, TN, USA, 37086 ‡nSAN 631-8630 | |
| 082 | 0 | 4. | ‡a346.7301/664 ‡223 |
| 100 | 1 | . | ‡aGuillen, Lina, ‡eauthor. |
| 245 | 1 | 0. | ‡aDivorce & money : ‡bmake the best financial decisions during divorce / ‡cAttorney Lina Guillen. |
| 246 | 3 | . | ‡aDivorce and money |
| 250 | . | ‡a14th edition. | |
| 264 | 1. | ‡a[Berkeley, California] : ‡bNolo, ‡c2023. | |
| 264 | 4. | ‡c©2023 | |
| 300 | . | ‡a514 pages : ‡bforms ; ‡c23 cm | |
| 336 | . | ‡atext ‡btxt ‡2rdacontent | |
| 337 | . | ‡aunmediated ‡bn ‡2rdamedia | |
| 338 | . | ‡avolume ‡bnc ‡2rdacarrier | |
| 500 | . | ‡a"Includes worksheets to help you track your finances"--cover. | |
| 500 | . | ‡aRevised edition of : Divorce & money / Violet Woodhouse & Lina Guillen. 13th edition. 2020. | |
| 504 | . | ‡aIncludes bibliographical references and index. | |
| 505 | 0 | . | ‡aIntroduction: your financial companion during divorce -- Legal vs. financial realities of divorce -- Financial realities no one talks about -- Emotional divorce: managing the "money crazies" --The hardest part: is my marriage really over? -- The separation: what happens when one spouse moves out? -- Closing the books: what do we do with joint property? -- Getting help: whom can I turn to? -- Financial fact-finding: what must I know and when must I know it? -- Facing the future: what must I plan for? -- Protecting against risks to life, health, and property -- Taxes: how do I file and pay? -- Property and expenses: who owns and who owes what? -- What will happen to the house? -- Retirement benefits: who gets what? -- Financial investments: how do we divide the portfolio pie? -- Evaluating employee benefits and stock options -- How will we divide debts? -- Child support and alimony: what might I pay or receive? -- Negotiating and finalizing the best possible settlement -- After the divorce: how do I get from "we" to "me." |
| 520 | . | ‡aAll the information you need to split your assets, easily and fairly. Major financial decisions are often overwhelming, but they can feel downright impossible when you're in the midst of a divorce. Turn to Divorce & Money, the acclaimed guide that translates complex financial concepts into plain language to help you: create a cash flow statement using your income and expenses, uncover your spouse's financial information, determine the value of real estate, retirement accounts, and other assets, understand how child support and alimony are calculated, divide your property and debts fairly -- negotiate a comprehensive settlement -- achieve financial stability after divorce, and learn when and how to talk to a professional (attorney, tax adviser, or appraiser). | |
| 650 | 0. | ‡aMarital property ‡xValuation ‡zUnited States ‡vPopular works. | |
| 650 | 0. | ‡aDivorce settlements ‡zUnited States ‡vPopular works. ‡0(LARL_NWRL_CONSORTIUM)171950 | |
| 650 | 0. | ‡aDivorce ‡xLaw and legislation ‡zUnited States ‡vPopular works. ‡0(LARL_NWRL_CONSORTIUM)164634 | |
| 655 | 7. | ‡aLaw for laypersons. ‡2lcgft | |
| 655 | 7. | ‡aSelf-help publications. ‡2lcgft | |
| 901 | . | ‡a422959 ‡bOCoLC ‡c422959 ‡tbiblio ‡soclc | |

Add to basket
Permalink
Disable Highlighting